00420nam a2200121Ia 4500003000400000005001700004008004100021040001800062041000800080100005600088245012200144260003200266OSt20260226113953.0211028s2019 xx 000 0 und d cAIMIT LIBRARY aeng aD'Souza, Princeton Lloyd; D'Souza, Lestan.g1716143 aStudy on consumer preference for organised retail over unorganized retail outlet with reference to Big Bazaar Udupi / aMangalorebVasantha Gc2019